Recursos naturales en Centroamérica, Hoy /

Salvato in:
Dettagli Bibliografici
Enti autori: CSUCA, IICA
Natura: Sconosciuto
Pubblicazione: C. U. Rodrigo Facio :
Tags: Aggiungi Tag
Nessun Tag, puoi essere il primo ad aggiungerne!!

MARC

LEADER 00000 a2200000 04500
001 15165
003
008 991231s d
040
090 |a 018233  
110 |a CSUCA  
245 |a Recursos naturales en Centroamérica, Hoy /  |c CSUCA  
260 |a C. U. Rodrigo Facio :  
300 |a viii; 520 p.  
710 |a IICA  
999 |c 9896  |d 9896